| 000 | 00718nam a2200205 i 4500 | ||
|---|---|---|---|
| 001 | 178368 | ||
| 003 | ES-MaACL | ||
| 005 | 20250821070353.0 | ||
| 008 | 110526s1970 sp |||| |bspa d | ||
| 080 | _a929 Spínola, Ambrosio, Marqués de los Balbases | ||
| 100 | 1 |
_aTéllez, José. _9146713 |
|
| 245 | 1 | 0 |
_aSpínola / _cpor José Téllez. |
| 260 |
_aMadrid : _bDelblan, _c[1970] |
||
| 300 |
_a16 p. ; _c16 cm. |
||
| 490 | 1 |
_aMosaico cultural. _aLos grandes capitanes ; _v19 |
|
| 600 | 1 | 4 |
_aSpínola, Ambrosio, _d1569-1630 _9164593 |
| 830 | 0 |
_aMosaico cultural. _aLos grandes capitanes ; _v19 _9190913 |
|
| 852 |
_aES-MaACL _jE-15197 (19) _xOlim P-1923 _z- Enc. con otros títulos |
||
| 999 |
_c178368 _d178368 |
||